E-learning ako nástroj zvyšovania kvalifikácie

Charakteristika pojmu e-learning. Prínos e-learningu do vzdelávacieho procesu. Výhody a nevýhody e-learningu. E-learning a jeho časti. Akadémia vzdelávania a e-learning.

Saved in:
Bibliographic Details
Main Author: Pšenáková, Ildikó
Other Authors: Rybár, Slavomír
Format: Book Chapter
Language:Slovak
Subjects:
Tags: Add Tag
No Tags, Be the first to tag this record!

MARC

LEADER 00000naa$a2200000$$$4500
001 0053489
005 20230918125522.6
041 0 |a slo 
044 |a SK 
245 1 0 |a E-learning ako nástroj zvyšovania kvalifikácie  |c Ildikó Pšenáková, Slavomír Rybár 
520 |a Charakteristika pojmu e-learning. Prínos e-learningu do vzdelávacieho procesu. Výhody a nevýhody e-learningu. E-learning a jeho časti. Akadémia vzdelávania a e-learning. 
610 2 0 |a vzdelávanie 
610 2 0 |a e-learning 
610 2 0 |a kvalifikácia 
610 2 0 |a vzdelávanie celoživotné 
610 2 0 |a technológia 
610 2 0 |a vývoj 
100 1 |a Pšenáková, Ildikó 
700 1 |a Rybár, Slavomír